Computer network : A top-down approach (Record no. 6386)
[ view plain ]
| 000 -LEADER | |
|---|---|
| fixed length control field | 00489nam a2200181Ia 4500 |
| 008 - FIXED-LENGTH DATA ELEMENTS--GENERAL INFORMATION | |
| fixed length control field | 230711s9999||||xx |||||||||||||| ||und|| |
| 020 ## - INTERNATIONAL STANDARD BOOK NUMBER | |
| International Standard Book Number | 978-1-25-900156-7 |
| 041 ## - LANGUAGE CODE | |
| Language code of text/sound track or separate title | ENG |
| 082 ## - DEWEY DECIMAL CLASSIFICATION NUMBER | |
| Classification number | 4.6 |
| Item number | FO-C |
| 100 ## - MAIN ENTRY--PERSONAL NAME | |
| Personal name | Forouzan,Behrouz A |
| 245 #0 - TITLE STATEMENT | |
| Title | Computer network : A top-down approach |
| 250 ## - EDITION STATEMENT | |
| Edition statement | 1st Ed. |
| 260 ## - PUBLICATION, DISTRIBUTION, ETC. | |
| Date of publication, distribution, etc. | 2012 |
| Place of publication, distribution, etc. | New Delhi |
| Name of publisher, distributor, etc. | McGraw Hill Education(India) Private Limited |
| 300 ## - PHYSICAL DESCRIPTION | |
| Extent | 921p. |
| 650 ## - SUBJECT ADDED ENTRY--TOPICAL TERM | |
| Topical term or geographic name entry element | Computer Engineering |
| 700 ## - ADDED ENTRY--PERSONAL NAME | |
| Personal name | Mosharraf,Firouz |
| 942 ## - ADDED ENTRY ELEMENTS (KOHA) | |
| Koha item type | Book |
| Withdrawn status | Lost status | Damaged status | Not for loan | Collection | Home library | Current library | Date acquired | Source of acquisition | Cost, normal purchase price | Inventory number | Total checkouts | Full call number | Barcode | Date last seen | Price effective from | Koha item type | Total renewals | Date last checked out | Date due |
|---|---|---|---|---|---|---|---|---|---|---|---|---|---|---|---|---|---|---|---|
| MRSPTU Central Library | MRSPTU Central Library | Krishna Book Distributors | 685.00 | KBD/2016-2017/960742808 | 4.6 FO-C | 37438 | 08/17/2023 | 08/17/2023 | Book | ||||||||||
| MRSPTU Central Library | MRSPTU Central Library | Krishna Book Distributors | 685.00 | KBD/2016-2017/960742808 | 4.6 FO-C | 37439 | 08/17/2023 | 08/17/2023 | Book | ||||||||||
| MRSPTU Central Library | MRSPTU Central Library | Krishna Book Distributors | 685.00 | KBD/2016-2017/960742808 | 6 | 4.6 FO-C | 37440 | 03/03/2025 | 08/17/2023 | Book | 1 | 02/06/2025 | |||||||
| MRSPTU Central Library | MRSPTU Central Library | Krishna Book Distributors | 685.00 | KBD/2016-2017/960742808 | 3 | 4.6 FO-C | 37441 | 02/17/2026 | 08/17/2023 | Book | 01/28/2026 | ||||||||
| MRSPTU Central Library | MRSPTU Central Library | Krishna Book Distributors | 685.00 | KBD/2016-2017/960742808 | 3 | 4.6 FO-C | 37442 | 05/23/2025 | 08/17/2023 | Book | 05/02/2025 | ||||||||
| MRSPTU Central Library | MRSPTU Central Library | Krishna Book Distributors | 685.00 | KBD/2016-2017/960742808 | 7 | 4.6 FO-C | 37443 | 04/15/2026 | 08/17/2023 | Book | 04/15/2026 | 05/06/2026 | |||||||
| MRSPTU Central Library | MRSPTU Central Library | Krishna Book Distributors | 685.00 | KBD/2016-2017/960742808 | 7 | 4.6 FO-C | 37444 | 06/17/2025 | 08/17/2023 | Book | 05/22/2025 | ||||||||
| MRSPTU Central Library | MRSPTU Central Library | Krishna Book Distributors | 685.00 | KBD/2016-2017/960742808 | 4 | 4.6 FO-C | 37445 | 05/08/2025 | 08/17/2023 | Book | 05/08/2025 | 05/29/2025 | |||||||
| MRSPTU Central Library | MRSPTU Central Library | Krishna Book Distributors | 685.00 | KBD/2016-2017/960742808 | 1 | 4.6 FO-C | 37446 | 03/12/2024 | 08/17/2023 | Book | 02/07/2024 | ||||||||
| MRSPTU Central Library | MRSPTU Central Library | Krishna Book Distributors | 685.00 | KBD/2016-2017/960742808 | 1 | 4.6 FO-C | 37447 | 02/13/2025 | 08/17/2023 | Book | 02/06/2025 |
